[Event "XIII Figueira da Foz Open 2019"]
[Site "Figueira da Foz"]
[Date "2019.11.03"]
[Round "9.10"]
[White "Roettgen, Juergen"]
[Black "Lisowski, Krzysztof"]
[Result "0-1"]
[WhiteElo "2157"]
[BlackElo "2179"]
[Annotator "ChessBase"]
[PlyCount "72"]
[EventDate "2019.10.27"]
[EventType "swiss"]
[EventCountry "POR"]
[SourceTitle "playchess.com"]
[Source "ChessBase"]
[SourceQuality "1"]
[TimeControl "40/5400+30:1800+30"]

1. Nf3 {[%emt 0:00:00]} Nf6 {[%emt 0:00:00]} 2. c4 {[%emt 0:00:01]} e6 {[%emt 0:00:05]} 3. e3 {[%emt 0:00:52]} d5 {[%emt 0:03:30]} 4. b3 {[%emt 0:01:53]} c5 {[%emt 0:01:37]} 5. Bb2 {[%emt 0:01:06]} Nc6 {[%emt 0:00:30]} 6. cxd5 {[%emt 0:02:54]} exd5 {[%emt 0:01:12]} 7. Bb5 {[%emt 0:02:48]} Bd7 {[%emt 0:08:53]} 8. O-O {[%emt 0:02:58]} Bd6 {[%emt 0:01:21]} 9. Bxc6 {[%emt 0:03:58]} Bxc6 {[%emt 0:00:12]} 10. d4 {[%emt 0:00:09]} O-O {[%emt 0:09:23]} 11. Nbd2 {[%emt 0:07:17]} b6 {[%emt 0:03:22]} 12. Rc1 {[%emt 0:02:21]} Rc8 {[%emt 0:00:37]} 13. Ne5 {[%emt 0:02:42]} Bb5 {[%emt 0:11:46]} 14. Re1 {[%emt 0:01:00]} Qe7 {[%emt 0:00:39]} 15. f4 {[%emt 0:06:46]} cxd4 {[%emt 0:19:31]} 16. exd4 {[%emt 0:09:19]} Ne4 {[%emt 0:04:29]} 17. Nxe4 {[%emt 0:04:18]} dxe4 {[%emt 0:00:06]} 18. d5 {[%emt 0:00:36]} f6 {[%emt 0:13:38]} 19. Rxc8 {[%emt 0:07:02]} Rxc8 {[%emt 0:00:05]} 20. Nc6 {[%emt 0:02:20]} Bxc6 {[%emt 0:00:27]} 21. dxc6 {[%emt 0:00:17]} Qe6 {[%emt 0:00:30]} 22. Qc2 {[%emt 0:05:04]} Rxc6 {[%emt 0:07:04]} 23. Qxe4 {[%emt 0:04:54]} Qxe4 {[%emt 0:00:08]} 24. Rxe4 {[%emt 0:00:06]} Rc2 {[%emt 0:00:08]} 25. Bd4 {[%emt 0:00:41]} Rxa2 {[%emt 0:01:38]} 26. f5 {[%emt 0:02:45]} Rd2 {[%emt 0:03:15]} 27. Be3 {[%emt 0:02:45]} Rd3 {[%emt 0:01:31]} 28. Rd4 {[%emt 0:01:21]} Rxd4 {[%emt 0:02:00]} 29. Bxd4 {[%emt 0:00:01]} Bc5 {[%emt 0:00:39]} 30. Bxc5 {[%emt 0:00:19]} bxc5 {[%emt 0:00:06]} 31. Kf2 {[%emt 0:00:25]} Kf7 {[%emt 0:00:55]} 32. Ke3 {[%emt 0:00:10]} Ke7 {[%emt 0:00:47]} 33. Kd3 {[%emt 0:00:08]} Kd6 {[%emt 0:00:35]} 34. Kc4 {[%emt 0:00:05]} Kc6 {[%emt 0:00:51]} 35. g4 {[%emt 0:03:18]} a6 {[%emt 0:02:29]} 36. h3 {[%emt 0:01:29]} Kd6 {[%emt 0:00:31]} 0-1

[Event "XIII Figueira da Foz Open 2019"]
[Site "Figueira da Foz"]
[Date "2019.11.03"]
[Round "9.11"]
[White "Adams, Philip"]
[Black "Pintor, Simao Maciel Abranch"]
[Result "1-0"]
[WhiteElo "1993"]
[BlackElo "2137"]
[Annotator "ChessBase"]
[PlyCount "100"]
[EventDate "2019.10.27"]
[EventType "swiss"]
[EventCountry "POR"]
[SourceTitle "playchess.com"]
[Source "ChessBase"]
[SourceQuality "1"]
[TimeControl "40/5400+30:1800+30"]

1. Nf3 d5 {[%emt 0:00:00]} 2. g3 {[%emt 0:00:00]} c5 {[%emt 0:00:00]} 3. Bg2 {[%emt 0:00:00]} Nc6 {[%emt 0:00:00]} 4. d4 {[%emt 0:00:12]} e6 {[%emt 0:00:16]} 5. O-O {[%emt 0:00:09]} Nf6 {[%emt 0:00:08]} 6. c4 {[%emt 0:00:27]} Be7 {[%emt 0:04:19]} 7. dxc5 {[%emt 0:00:38]} Bxc5 {[%emt 0:00:07]} 8. a3 {[%emt 0:00:13]} a5 {[%emt 0:00:38]} 9. cxd5 {[%emt 0:05:45]} exd5 {[%emt 0:00:56]} 10. Qc2 {[%emt 0:00:55]} Bb6 {[%emt 0:05:45]} 11. Nc3 {[%emt 0:06:06]} O-O {[%emt 0:02:00]} 12. Bg5 {[%emt 0:03:07]} Be6 {[%emt 0:00:54]} 13. Rad1 {[%emt 0:01:22]} Rc8 {[%emt 0:00:46]} 14. Qa4 {[%emt 0:03:50]} h6 {[%emt 0:11:49]} 15. Bxf6 {[%emt 0:04:28]} Qxf6 {[%emt 0:00:14]} 16. Nxd5 {[%emt 0:04:55]} Bxd5 {[%emt 0:00:05]} 17. Rxd5 {[%emt 0:00:08]} Rfe8 {[%emt 0:16:30]} 18. e3 {[%emt 0:04:33]} Rcd8 {[%emt 0:11:12]} 19. Rxd8 {[%emt 0:11:15]} Rxd8 {[%emt 0:00:07]} 20. Qb5 {[%emt 0:03:26]} Ne7 {[%emt 0:00:54]} 21. Qe5 {[%emt 0:05:21]} Qxe5 {[%emt 0:04:24]} 22. Nxe5 {[%emt 0:00:17]} Bc7 {[%emt 0:00:05]} 23. Nf3 {[%emt 0:01:16]} Nc6 {[%emt 0:05:01]} 24. Rc1 {[%emt 0:13:11]} Rd3 {[%emt 0:06:05]} 25. Kf1 {[%emt 0:05:56]} Rb3 {[%emt 0:02:36]} 26. Rc2 {[%emt 0:00:36]} Bd8 {[%emt 0:00:49]} 27. Nd2 {[%emt 0:04:06]} Rb5 {[%emt 0:01:20]} 28. Bxc6 {[%emt 0:07:14]} bxc6 {[%emt 0:00:05]} 29. b3 {[%emt 0:00:27]} Be7 {[%emt 0:01:36]} 30. a4 {[%emt 0:02:01]} Rd5 {[%emt 0:00:26]} 31. Ke2 {[%emt 0:01:22]} Bb4 {[%emt 0:00:12]} 32. Nc4 {[%emt 0:01:23]} Kf8 {[%emt 0:00:42]} 33. Rc1 {[%emt 0:05:08]} Ke7 {[%emt 0:00:13]} 34. Rd1 {[%emt 0:00:24]} Ke6 {[%emt 0:00:58]} 35. Rd3 {[%emt 0:01:46]} g5 {[%emt 0:03:29]} 36. e4 {[%emt 0:00:49]} Rxd3 {[%emt 0:00:22]} 37. Kxd3 {[%emt 0:00:02]} h5 {[%emt 0:03:38]} 38. h3 {[%emt 0:02:40]} f5 {[%emt 0:01:03]} 39. exf5+ {[%emt 0:02:08]} Kxf5 {[%emt 0:00:05]} 40. Ne3+ {[%emt 0:00:00]} Ke5 {[%emt 0:00:00]} 41. Ng2 {[%emt 0:09:29]} Bc5 {[%emt 0:01:40]} 42. f4+ {[%emt 0:02:13]} gxf4 {[%emt 0:00:10]} 43. Nxf4 {[%emt 0:00:13]} h4 {[%emt 0:01:46]} 44. Ng6+ {[%emt 0:02:00]} Kf6 {[%emt 0:00:03]} 45. Nxh4 {[%emt 0:00:13]} Bf2 {[%emt 0:00:04]} 46. Nf3 {[%emt 0:01:03]} Bxg3 {[%emt 0:00:07]} 47. Nd4 {[%emt 0:00:15]} Be1 {[%emt 0:06:28]} 48. Nxc6 {[%emt 0:00:54]} Ke6 {[%emt 0:00:05]} 49. Kc4 {[%emt 0:00:28]} Kd6 {[%emt 0:00:05]} 50. Kb5 {[%emt 0:00:18]} Kd5 1-0

[Event "XIII Figueira da Foz Open 2019"]
[Site "Figueira da Foz"]
[Date "2019.11.03"]
[Round "9.12"]
[White "Guerreiro, Nuno"]
[Black "Morais, Mario Martins Freita"]
[Result "1-0"]
[WhiteElo "2069"]
[BlackElo "1742"]
[Annotator "NA"]
[PlyCount "87"]
[EventDate "2019.10.27"]
[EventType "swiss"]
[EventCountry "POR"]
[SourceTitle "playchess.com"]
[Source "ChessBase"]
[SourceQuality "1"]
[TimeControl "40/5400+30:1800+30"]

1. Nf3 d5 {[%emt 0:00:59]} 2. c4 {[%emt 0:00:00]} c6 {[%emt 0:00:53]} 3. Qc2 {[%emt 0:01:04]} Nf6 {[%emt 0:00:15]} 4. g3 {[%emt 0:00:08]} g6 {[%emt 0:00:07]} 5. Bg2 {[%emt 0:00:22]} Bg7 {[%emt 0:00:13]} 6. O-O {[%emt 0:00:08]} O-O {[%emt 0:00:31]} 7. d3 {[%emt 0:01:09]} Re8 {[%emt 0:04:04]} 8. e4 {[%emt 0:00:37]} e5 {[%emt 0:00:32]} 9. Nc3 {[%emt 0:02:51]} d4 {[%emt 0:05:42]} 10. Nb1 {[%emt 0:01:40]} Nh5 {[%emt 0:00:14]} 11. Qe2 {[%emt 0:03:02]} Na6 {[%emt 0:15:41]} 12. Ne1 {[%emt 0:00:41]} f5 {[%emt 0:00:17]} 13. exf5 {[%emt 0:00:18]} e4 {[%emt 0:11:20]} 14. fxg6 {[%emt 0:00:58]} hxg6 {[%emt 0:02:39]} 15. dxe4 {[%emt 0:00:31]} Nc5 {[%emt 0:00:38]} 16. Nd3 {[%emt 0:00:28]} Qe7 {[%emt 0:01:19]} 17. Nxc5 {[%emt 0:03:33]} Qxc5 {[%emt 0:00:01]} 18. Nd2 {[%emt 0:01:12]} Be6 {[%emt 0:00:22]} 19. Qd3 {[%emt 0:04:15]} Nf6 {[%emt 0:00:34]} 20. a4 {[%emt 0:02:45]} Qh5 {[%emt 0:00:13]} 21. Re1 {[%emt 0:07:59]} Kf7 {[%emt 0:09:15]} 22. Nf3 {[%emt 0:02:59]} Ng4 {[%emt 0:12:43]} 23. h4 {[%emt 0:00:47]} Bf6 {[%emt 0:04:35]} 24. Bg5 {[%emt 0:04:18]} Ne5 {[%emt 0:03:06]} 25. Nxe5+ {[%emt 0:00:20]} Bxe5 {[%emt 0:00:06]} 26. f4 {[%emt 0:02:04]} Bg7 {[%emt 0:00:20]} 27. c5 {[%emt 0:00:51]} Rad8 {[%emt 0:05:21]} 28. a5 {[%emt 0:12:55]} Rd7 {[%emt 0:02:00]} 29. f5 {[%emt 0:08:23]} gxf5 {[%emt 0:00:23]} 30. exf5 {[%emt 0:00:12]} Bd5 {[%emt 0:00:16]} 31. Rxe8 {[%emt 0:00:43]} Kxe8 {[%emt 0:00:43]} 32. Bxd5 {[%emt 0:02:01]} Rxd5 {[%emt 0:00:24]} 33. f6 {[%emt 0:00:34]} Bf8 {[%emt 0:00:50]} 34. a6 {[%emt 0:04:14]} bxa6 {[%emt 0:03:42]} 35. b4 {[%emt 0:02:50]} Rxg5 {[%emt 0:02:47]} 36. hxg5 {[%emt 0:00:15]} Qxg5 {[%emt 0:00:07]} 37. Rf1 {[%emt 0:02:36]} Qe5 {[%emt 0:02:02]} 38. Rf4 {[%emt 0:05:16]} Qe1+ {[%emt 0:01:52]} 39. Kg2 {[%emt 0:00:23]} Qa1 {[%emt 0:07:32]} 40. f7+ {[%emt 0:00:00]} Kd7 {[%emt 0:00:00]} 41. Rxd4+ {[%emt 0:05:12]} Ke7 {[%emt 0:04:07]} 42. Rf4 {[%emt 0:01:24]} Qa2+ {[%emt 0:01:05]} 43. Rf2 {[%emt 0:00:59]} Qd5+ {[%emt 0:00:46]} 44. Qxd5 {[%emt 0:00:10]} 1-0

[Event "XIII Figueira da Foz Open 2019"]
[Site "Figueira da Foz"]
[Date "2019.11.03"]
[Round "9.14"]
[White "Puglia, Francesco"]
[Black "Gama, Joao Goncalo Cerejei"]
[Result "0-1"]
[WhiteElo "1916"]
[BlackElo "1712"]
[Annotator "NA"]
[PlyCount "122"]
[EventDate "2019.10.27"]
[EventType "swiss"]
[EventCountry "POR"]
[SourceTitle "playchess.com"]
[Source "ChessBase"]
[SourceQuality "1"]
[TimeControl "40/5400+30:1800+30"]

1. e4 {[%emt 0:00:00]} e5 {[%emt 0:00:00]} 2. Nf3 {[%emt 0:00:00]} Nc6 {[%emt 0:00:00]} 3. Bc4 {[%emt 0:00:00]} Bc5 {[%emt 0:00:00]} 4. b4 {[%emt 0:00:00]} Bxb4 {[%emt 0:00:00]} 5. c3 {[%emt 0:00:00]} Ba5 {[%emt 0:00:09]} 6. d4 {[%emt 0:00:00]} exd4 {[%emt 0:06:03]} 7. Qb3 {[%emt 0:00:03] C52: Evans Gambit Accepted: 5 c3 Ba5} Qe7 {[%emt 0:01:14]} (7... Qf6 8. O-O d3 9. e5 Qg6 10. Ba3 Nge7 11. Rd1 O-O 12. Bxd3 Qh6 13. Nbd2 d5 14. exd6 cxd6 15. Ne4 d5 16. Bc1 Qg6 {0-1 (59) Short,N (2698)-Kasparov,G (2812) Leuven 2011}) 8. O-O {[%emt 0:00:04]} Bb6 {[%emt 0:02:40]} 9. Ba3 {[%emt 0:14:32]} d6 {[%emt 0:04:56]} 10. e5 {[%emt 0:04:09]} Na5 {[%emt 0:11:19]} 11. Qa4+ {[%emt 0:01:29]} Bd7 {[%emt 0:01:04]} 12. Bb5 {[%emt 0:00:50]} Bxb5 {[%emt 0:02:57]} 13. Qxb5+ {[%emt 0:01:24]} Qd7 {[%emt 0:00:20]} 14. Qd3 {[%emt 0:05:05]} Ne7 $146 {[%emt 0:06:44]} ({Predecessor:} 14... Nc6 15. exd6 cxd6 16. cxd4 {0-1 (52) Fischer,T (2027)-Stoica,V (1865) Worms 2013}) 15. exd6 {[%emt 0:15:42]} cxd6 {[%emt 0:00:17]} 16. cxd4 {[%emt 0:00:22]} O-O {[%emt 0:01:22]} 17. Nc3 {[%emt 0:06:55]} Qf5 {[%emt 0:15:06]} 18. Qe4 {[%emt 0:14:18]} Qxe4 {[%emt 0:02:54]} 19. Nxe4 {[%emt 0:00:03]} Nc4 {[%emt 0:03:51]} 20. Bxd6 {[%emt 0:11:18]} Nxd6 {[%emt 0:00:08]} 21. Nxd6 {[%emt 0:00:03]} Nc6 {[%emt 0:00:56]} 22. d5 {[%emt 0:00:58]} Nb4 {[%emt 0:01:40]} 23. Rfd1 {[%emt 0:01:41]} Rfd8 {[%emt 0:02:57]} 24. Nf5 {[%emt 0:00:55]} g6 {[%emt 0:04:49]} 25. a3 {[%emt 0:00:25]} Na6 {[%emt 0:04:00]} 26. Nh6+ {[%emt 0:02:58]} Kg7 {[%emt 0:02:18]} 27. Ng4 {[%emt 0:01:40]} Rd6 {[%emt 0:05:43]} 28. Re1 {[%emt 0:12:56]} h5 {[%emt 0:01:33]} 29. Ne3 {[%emt 0:04:37]} Bxe3 {[%emt 0:02:21]} 30. Rxe3 {[%emt 0:00:02]} Rxd5 {[%emt 0:00:13]} 31. Re7 {[%emt 0:00:45]} Rad8 {[%emt 0:00:24]} 32. h4 {[%emt 0:00:15]} R8d7 {[%emt 0:06:24]} 33. Rae1 {[%emt 0:00:13]} Kf6 {[%emt 0:00:49]} 34. Re8 {[%emt 0:01:02]} Rd1 {[%emt 0:00:53]} 35. Rxd1 {[%emt 0:01:33]} Rxd1+ {[%emt 0:00:06]} 36. Kh2 {[%emt 0:00:02]} Nc5 {[%emt 0:02:30]} 37. Ng5 {[%emt 0:00:49]} Rd7 {[%emt 0:02:39]} 38. Ra8 {[%emt 0:00:33]} b6 {[%emt 0:01:00]} 39. Rc8 {[%emt 0:00:03]} Ne6 {[%emt 0:01:23]} 40. Rc6 {[%emt 0:00:00]} Ke5 {[%emt 0:00:00]} 41. Nxe6 {[%emt 0:07:06]} fxe6 {[%emt 0:02:15]} 42. Rc3 {[%emt 0:00:15]} Rd4 {[%emt 0:03:27]} 43. g3 {[%emt 0:02:40]} Ra4 {[%emt 0:01:46]} 44. Kg2 $19 {[%emt 0:01:28]} Kd4 {[%emt 0:05:38]} 45. Rb3 {[%emt 0:06:46]} e5 {[%emt 0:03:30]} 46. Kf3 {[%emt 0:01:22]} Kc4 {[%emt 0:01:17]} 47. Re3 {[%emt 0:00:17]} Kd5 {[%emt 0:00:14]} 48. Rb3 {[%emt 0:00:27]} Ke6 {[%emt 0:05:59]} 49. Ke3 {[%emt 0:01:25]} Kf5 {[%emt 0:00:34]} 50. Kf3 {[%emt 0:04:52]} a5 {[%emt 0:00:54]} 51. Ke3 {[%emt 0:03:44]} b5 {[%emt 0:00:34]} 52. Kf3 {[%emt 0:06:58]} b4 {[%emt 0:00:22]} 53. axb4 {[%emt 0:00:07]} Rxb4 {[%emt 0:01:05]} 54. Rc3 {[%emt 0:01:07]} a4 {[%emt 0:00:04]} 55. Rc6 {[%emt 0:00:10]} Rb3+ {[%emt 0:00:24]} 56. Kg2 {[%emt 0:00:30]} a3 {[%emt 0:00:13]} 57. Ra6 {[%emt 0:00:09]} e4 {[%emt 0:02:18]} 58. Ra5+ {[%emt 0:00:31]} Ke6 {[%emt 0:00:00]} 59. Ra6+ {[%emt 0:00:34]} Kd5 {[%emt 0:03:39]} 60. Rxg6 {[%emt 0:00:11]} a2 {[%emt 0:00:29]} 61. Ra6 {[%emt 0:00:08]} Rb2 {[%emt 0:00:18]} 0-1

[Event "XIII Figueira da Foz Open 2019"]
[Site "Figueira da Foz"]
[Date "2019.11.03"]
[Round "9.15"]
[White "Silva, Mariana Sofia T."]
[Black "Barros Gutierrez, Angel Luis"]
[Result "1-0"]
[WhiteElo "1880"]
[BlackElo "2038"]
[Annotator "NA"]
[PlyCount "125"]
[EventDate "2019.10.27"]
[EventType "swiss"]
[EventCountry "POR"]
[SourceTitle "playchess.com"]
[Source "ChessBase"]
[SourceQuality "1"]
[TimeControl "40/5400+30:1800+30"]

1. Nf3 c5 2. c4 Nf6 3. g3 d5 4. cxd5 Nxd5 5. Bg2 g6 6. Nc3 Nxc3 7. bxc3 Bg7 8. O-O Nc6 9. Rb1 Qa5 10. Qb3 O-O 11. Bb2 {A34: Symmetrical English: 2 Nc3, lines with ...d5} (11. Qa3 Qxa3 12. Bxa3 b6 13. d4 Bf5 14. Rbc1 Na5 15. dxc5 Nc4 16. Bb4 a5 17. Nd4 Rac8 18. Nxf5 gxf5 19. cxb6 axb4 {½-½ (32) Akopian,V (2691)-Safarli,E (2660) Khanty-Mansiysk 2013}) 11... Rb8 12. d4 $146 ({Predecessor:} 12. c4 Nd4 13. Nxd4 cxd4 14. d3 Qh5 15. Ba3 Bf6 16. Qc2 Bh3 17. Rb5 Qg4 18. Bf3 Qe6 {1-0 (51) Orzechowski,J (2225)-Witwicki,P (1915) Polanica Zdroj 2012}) 12... b6 13. d5 Ne5 14. Nd2 b5 15. Ba3 Qc7 16. Ne4 c4 17. Qb4 f5 18. d6 exd6 19. Qxd6 Qa5 20. Bb4 Qb6 21. Qxb6 Rxb6 22. Bxf8 Kxf8 23. Ng5 h6 24. Nh3 Ng4 25. Rfd1 Ke7 26. Nf4 Be6 27. h3 Ne5 28. Nd5+ Bxd5 29. Rxd5 a6 30. a4 Nf7 31. axb5 Nd6 32. Rc5 axb5 33. Rc7+ Kf8 34. Rc6 Rxc6 35. Bxc6 Bxc3 36. Bxb5 Bd2 37. Ba4 Ne4 38. Bc2 c3 39. Rb8+ Ke7 40. Bxe4 fxe4 41. Rc8 Kd6 (41... Kd7 {was called for.} 42. Rc4 e3 43. fxe3 Bxe3+ 44. Kf1 Bd2) 42. Kf1 Kd5 43. e3 h5 44. Ke2 Ke5 45. Rc5+ Kf6 46. h4 Ke6 47. Rg5 Kf6 48. Kd1 Kf7 49. Re5 Kf6 50. Rxe4 g5 51. hxg5+ Kxg5 52. Rd4 Kf5 53. Rxd2 cxd2 54. Kxd2 Kg4 55. Ke2 Kf5 56. Kf3 Kg5 57. e4 Kf6 58. Kf4 Kg6 59. e5 Kh6 60. Kf5 Kg7 61. e6 Kf8 62. Kf6 Ke8 63. e7 1-0

[Event "XIII Figueira da Foz Open 2019"]
[Site "Figueira da Foz"]
[Date "2019.11.03"]
[Round "9.16"]
[White "Barrento, Jorge Maria Lopes"]
[Black "Goncalves, Lucas Jordao"]
[Result "0-1"]
[WhiteElo "1739"]
[BlackElo "1447"]
[Annotator "NA"]
[PlyCount "60"]
[EventDate "2019.10.27"]
[EventType "swiss"]
[EventCountry "POR"]
[SourceTitle "playchess.com"]
[Source "ChessBase"]
[SourceQuality "1"]
[TimeControl "40/5400+30:1800+30"]

1. d4 {[%emt 0:04:40]} d5 {[%emt 0:00:15]} 2. e4 {[%emt 0:00:20]} dxe4 {[%emt 0:00:45]} 3. Nc3 {[%emt 0:01:24]} Nf6 {[%emt 0:00:16]} 4. f3 {[%emt 0:00:01]} c6 {[%emt 0:01:27]} 5. fxe4 {[%emt 0:00:37]} e5 {[%emt 0:00:21]} 6. dxe5 {[%emt 0:00:47]} Qxd1+ {[%emt 0:00:09]} 7. Kxd1 {[%emt 0:00:38]} Ng4 {[%emt 0:00:10]} 8. Ke1 {[%emt 0:00:51]} Nxe5 {[%emt 0:00:38]} 9. Nf3 {[%emt 0:00:26]} Nxf3+ {[%emt 0:01:06]} 10. gxf3 {[%emt 0:00:07]} Bc5 {[%emt 0:00:10]} 11. Bc4 {[%emt 0:01:09]} Bh3 {[%emt 0:04:49]} 12. Bf1 {[%emt 0:05:15]} Bxf1 {[%emt 0:00:09]} 13. Kxf1 {[%emt 0:00:11]} Nd7 {[%emt 0:00:03]} 14. Bf4 {[%emt 0:00:50]} Bd4 {[%emt 0:02:17]} 15. Ne2 {[%emt 0:01:42]} Be5 {[%emt 0:01:35]} 16. Be3 {[%emt 0:02:01]} O-O-O {[%emt 0:01:04]} 17. f4 {[%emt 0:01:23]} Bxb2 {[%emt 0:00:48]} 18. Rb1 {[%emt 0:00:23]} Ba3 19. Bxa7 {[%emt 0:00:04]} Bc5 {[%emt 0:00:23]} 20. Bxc5 {[%emt 0:01:29]} Nxc5 {[%emt 0:00:07]} 21. e5 {[%emt 0:01:16]} Rd2 {[%emt 0:03:01]} 22. Rc1 {[%emt 0:07:40]} Kc7 {[%emt 0:05:21]} 23. Ng3 {[%emt 0:07:33]} Ra8 {[%emt 0:00:56]} 24. Nf5 {[%emt 0:01:17]} Rxa2 {[%emt 0:01:09]} 25. Nxg7 {[%emt 0:00:20]} Raxc2 {[%emt 0:00:10]} 26. Rxc2 {[%emt 0:00:27]} Rxc2 {[%emt 0:00:07]} 27. Ne8+ {[%emt 0:00:17]} Kd8 {[%emt 0:01:26]} 28. Nd6 {[%emt 0:00:15]} Nd3 {[%emt 0:02:07]} 29. Nxf7+ {[%emt 0:07:36]} Ke7 {[%emt 0:02:13]} 30. Ng5 {[%emt 0:00:10]} Rc1+ {[%emt 0:00:15]} 0-1

[Event "XIII Figueira da Foz Open 2019"]
[Site "Figueira da Foz"]
[Date "2019.11.03"]
[Round "9.17"]
[White "Dong, Rafael"]
[Black "Correia, Mario"]
[Result "0-1"]
[WhiteElo "1486"]
[BlackElo "2140"]
[Annotator "ChessBase"]
[PlyCount "116"]
[EventDate "2019.10.27"]
[EventType "swiss"]
[EventCountry "POR"]
[SourceTitle "playchess.com"]
[Source "ChessBase"]
[SourceQuality "1"]
[TimeControl "40/5400+30:1800+30"]

1. c4 {[%emt 0:00:00]} Nf6 {[%emt 0:00:22]} 2. Nc3 {[%emt 0:00:00]} g6 {[%emt 0:00:10]} 3. g3 {[%emt 0:00:00]} Bg7 {[%emt 0:00:12]} 4. Bg2 {[%emt 0:00:33]} O-O {[%emt 0:00:11]} 5. Nf3 {[%emt 0:00:12]} d6 {[%emt 0:00:09]} 6. d4 {[%emt 0:00:21]} Nc6 {[%emt 0:00:15]} 7. O-O {[%emt 0:00:34]} Bf5 {[%emt 0:01:25]} 8. d5 {[%emt 0:02:21]} Na5 {[%emt 0:00:53]} 9. Nd2 {[%emt 0:00:09]} c5 {[%emt 0:00:12]} 10. e4 {[%emt 0:02:46]} Bc8 {[%emt 0:00:30]} 11. Qc2 {[%emt 0:01:04]} a6 {[%emt 0:00:16]} 12. b3 {[%emt 0:00:20]} b5 {[%emt 0:00:08]} 13. Bb2 {[%emt 0:00:06]} Rb8 {[%emt 0:00:20]} 14. Rae1 {[%emt 0:01:38]} bxc4 {[%emt 0:03:38]} 15. Nxc4 {[%emt 0:01:14]} Nxc4 {[%emt 0:00:10]} 16. bxc4 {[%emt 0:00:10]} Rb4 {[%emt 0:01:09]} 17. Qe2 {[%emt 0:01:10]} Ng4 {[%emt 0:01:43]} 18. a3 {[%emt 0:01:53]} Rb3 {[%emt 0:00:54]} 19. Rc1 {[%emt 0:08:35]} Qb6 {[%emt 0:07:01]} 20. Rc2 {[%emt 0:02:21]} Bd7 {[%emt 0:01:20]} 21. Na4 {[%emt 0:05:17]} Bxa4 {[%emt 0:01:07]} 22. Bxg7 {[%emt 0:00:33]} Kxg7 {[%emt 0:00:12]} 23. Qxg4 {[%emt 0:00:10]} Rxa3 {[%emt 0:00:32]} 24. Rcc1 {[%emt 0:00:08]} Rb8 {[%emt 0:01:31]} 25. h4 {[%emt 0:05:46]} h5 {[%emt 0:00:07]} 26. Qe2 {[%emt 0:04:45]} Qb2 {[%emt 0:01:15]} 27. Qxb2+ {[%emt 0:01:10]} Rxb2 {[%emt 0:03:51]} 28. Rb1 {[%emt 0:00:11]} Raa2 {[%emt 0:00:18]} 29. Rxb2 {[%emt 0:01:33]} Rxb2 {[%emt 0:00:01]} 30. Ra1 {[%emt 0:00:18]} Rb4 {[%emt 0:00:20]} 31. Bf1 {[%emt 0:00:24]} a5 {[%emt 0:01:45]} 32. Kg2 {[%emt 0:01:33]} Bc2 {[%emt 0:00:10]} 33. Kf3 {[%emt 0:01:14]} Rb1 {[%emt 0:00:25]} 34. Ra2 {[%emt 0:01:49]} Bxe4+ {[%emt 0:00:08]} 35. Kxe4 {[%emt 0:00:10]} Rxf1 {[%emt 0:00:06]} 36. Ke3 {[%emt 0:00:18]} Re1+ {[%emt 0:00:44]} 37. Kd2 {[%emt 0:00:59]} Rf1 {[%emt 0:01:48]} 38. Ke3 {[%emt 0:00:46]} Rb1 {[%emt 0:00:49]} 39. Rxa5 {[%emt 0:01:14]} Rb4 {[%emt 0:00:05]} 40. Kd3 {[%emt 0:00:00]} Kf6 {[%emt 0:00:00]} 41. Ra2 {[%emt 0:00:38]} Rb3+ {[%emt 0:01:56]} 42. Ke4 {[%emt 0:00:42]} Rc3 {[%emt 0:00:56]} 43. Ra4 {[%emt 0:00:52]} Kg7 {[%emt 0:00:22]} 44. Kf4 {[%emt 0:01:14]} Kf6 {[%emt 0:02:43]} 45. Ke4 {[%emt 0:00:43]} e6 {[%emt 0:00:19]} 46. f3 {[%emt 0:04:18]} exd5+ {[%emt 0:03:03]} 47. Kxd5 {[%emt 0:02:41]} Rd3+ {[%emt 0:00:15]} 48. Ke4 {[%emt 0:00:50]} Rd4+ {[%emt 0:00:02]} 49. Ke3 {[%emt 0:00:09]} Kf5 {[%emt 0:00:17]} 50. Ke2 {[%emt 0:01:56]} f6 {[%emt 0:00:06]} 51. Ke3 {[%emt 0:00:23]} d5 {[%emt 0:00:13]} 52. Ra3 {[%emt 0:05:26]} Rxc4 {[%emt 0:00:12]} 53. Rd3 {[%emt 0:00:52]} Rc3 {[%emt 0:00:47]} 54. Rxc3 {[%emt 0:00:28]} d4+ {[%emt 0:00:07]} 55. Kd3 {[%emt 0:00:02]} dxc3 {[%emt 0:00:08]} 56. Kxc3 {[%emt 0:00:05]} Ke5 {[%emt 0:00:07]} 57. Kc4 {[%emt 0:00:07]} Kd6 {[%emt 0:00:09]} 58. g4 {[%emt 0:00:15]} Kc6 {[%emt 0:00:11] Kd4} 0-1

[Event "XIII Figueira da Foz Open 2019"]
[Site "Figueira da Foz"]
[Date "2019.11.03"]
[Round "9.18"]
[White "Heeren, Arnoldo"]
[Black "Dong, Fabio"]
[Result "1/2-1/2"]
[WhiteElo "1929"]
[BlackElo "1410"]
[Annotator "NA"]
[PlyCount "66"]
[EventDate "2019.10.27"]
[EventType "swiss"]
[EventCountry "POR"]
[SourceTitle "playchess.com"]
[Source "ChessBase"]
[SourceQuality "1"]
[TimeControl "40/5400+30:1800+30"]

1. Nf3 {[%emt 0:00:00]} d5 {[%emt 0:00:00]} 2. g3 {[%emt 0:00:00]} Nf6 {[%emt 0:00:00]} 3. Bg2 {[%emt 0:00:00]} c6 {[%emt 0:00:19]} 4. d4 {[%emt 0:00:19]} Bf5 {[%emt 0:01:27]} 5. O-O {[%emt 0:00:48]} e6 {[%emt 0:00:51]} 6. Re1 {[%emt 0:02:43]} Nbd7 {[%emt 0:01:42]} 7. a3 {[%emt 0:03:12]} Be7 {[%emt 0:02:52]} 8. Nc3 {[%emt 0:00:35]} Ne4 {[%emt 0:00:42]} 9. Nxe4 Bxe4 {[%emt 0:00:27]} 10. c3 {[%emt 0:06:54]} O-O {[%emt 0:01:32]} 11. Nd2 {[%emt 0:02:36]} Bg6 {[%emt 0:11:39]} 12. e4 {[%emt 0:08:16]} Rc8 13. e5 {[%emt 0:00:30]} c5 {[%emt 0:13:54]} 14. Nf3 {[%emt 0:01:46]} c4 {[%emt 0:04:39]} 15. Be3 {[%emt 0:01:35]} Qb6 {[%emt 0:02:44]} 16. Qd2 {[%emt 0:02:56]} Qb3 {[%emt 0:08:45]} 17. Rec1 {[%emt 0:09:07]} Be4 {[%emt 0:00:46]} 18. Ne1 {[%emt 0:00:48]} Bxg2 {[%emt 0:00:38]} 19. Kxg2 {[%emt 0:00:10]} Rfd8 {[%emt 0:04:01]} 20. f4 {[%emt 0:01:24]} f6 {[%emt 0:01:58]} 21. Nf3 {[%emt 0:02:43]} Rf8 {[%emt 0:01:53]} 22. Rf1 {[%emt 0:02:39]} fxe5 {[%emt 0:08:59]} 23. fxe5 {[%emt 0:01:17]} Rf7 {[%emt 0:00:56]} 24. Rf2 {[%emt 0:00:30]} Rcf8 25. Raf1 {[%emt 0:05:12]} Qb6 {[%emt 0:02:26]} 26. Qc2 {[%emt 0:02:22]} a5 {[%emt 0:03:25]} 27. Bg5 {[%emt 0:07:28]} h6 {[%emt 0:11:14]} 28. Bc1 Rf5 {[%emt 0:00:29]} 29. h3 {[%emt 0:01:31]} Qb3 {[%emt 0:01:22]} 30. Qe2 {[%emt 0:05:25]} Qb6 31. Nh2 {[%emt 0:01:33]} Rxf2+ {[%emt 0:02:31]} 32. Rxf2 {[%emt 0:01:04]} Rxf2+ {[%emt 0:00:00]} 33. Qxf2 Qd8 1/2-1/2